000 00407nam a2200145Ia 4500
005 20251222144810.0
008 251222s9999||||xx |||||||||||||| ||spa||
020 _a950-07-2529-0
082 _a340.1/H35
100 _aHegel, Georg Wilhelm Friedrich
245 0 _aPrincipios de la FilosofĂ­a del Derecho o Derecho Natural y Ciencia PolĂ­tica
250 _a2a. ed.
264 _bSudamericana
942 _cLIB
999 _c20083
_d20083